Quasi-stellar objects (Record no. 3121)

MARC details
000 -LEADER
fixed length control field 00672nam a2200205Ia 4500
003 - CONTROL NUMBER IDENTIFIER
control field IN-BaIIA
008 - FIXED-LENGTH DATA ELEMENTS--GENERAL INFORMATION
fixed length control field 211028s9999 xx 000 0 eng d
040 ## - CATALOGING SOURCE
Transcribing agency IIA Library
080 ## - UNIVERSAL DECIMAL CLASSIFICATION NUMBER
Universal Decimal Classification number 524.75
Item number BUR
100 ## - MAIN ENTRY--PERSONAL NAME
Personal name Burbidge, Geoffrey
9 (RLIN) 5542
245 #0 - TITLE STATEMENT
Title Quasi-stellar objects
Statement of responsibility, etc. Geoffrey Burbidge and Margaret Burbidge
260 ## - PUBLICATION, DISTRIBUTION, ETC.
Place of publication, distribution, etc. San Francisco
Name of publisher, distributor, etc. W. H. Freeman
Date of publication, distribution, etc. 1967
300 ## - PHYSICAL DESCRIPTION
Extent viii, 235p.
490 ## - SERIES STATEMENT
Series statement A series of books in astronomy and astrophysics
650 ## - SUBJECT ADDED ENTRY--TOPICAL TERM
Topical term or geographic name entry element Astronomy and astrophysics thesaurus
650 ## - SUBJECT ADDED ENTRY--TOPICAL TERM
Topical term or geographic name entry element External galaxies
9 (RLIN) 4215
650 ## - SUBJECT ADDED ENTRY--TOPICAL TERM
Topical term or geographic name entry element Quasars
9 (RLIN) 1096
700 ## - ADDED ENTRY--PERSONAL NAME
Personal name Burbidge, Margaret
9 (RLIN) 5543
942 ## - ADDED ENTRY ELEMENTS (KOHA)
Koha item type Books
Holdings
Withdrawn status Lost status Damaged status Not for loan Home library Current library Shelving location Date acquired Cost, normal purchase price Total Checkouts Full call number Barcode Date last seen Cost, replacement price Price effective from Koha item type Purchase Price
        IIA Library-Bangalore IIA Library-Bangalore General Stacks 23/11/1968 77.00   524.75/ BUR 3472 05/11/2021 77.00 23/11/1968 Books Rs. 77.00

Powered by Koha